La taza de té / (Record no. 156535)
[ view plain ]
| 000 -LEADER | |
|---|---|
| campo de control de longitud fija | 01377nam a2200265 i 4500 |
| 001 - NÚMERO DE CONTROL | |
| campo de control | 156535 |
| 003 - IDENTIFICADOR DE NÚMERO DE CONTROL | |
| campo de control | ES-MaACL |
| 005 - FECHA Y HORA DE LA ÚLTIMA TRANSACCIÓN | |
| campo de control | 20260217063015.0 |
| 008 - DATOS DE LONGITUD FIJA--INFORMACIÓN GENERAL | |
| campo de control de longitud fija | 931025s1869 sp |||| | spa d |
| 100 1# - ENTRADA PRINCIPAL--NOMBRE DE PERSONA | |
| Nombre de persona | Kaempfen, Albert, |
| Fechas asociadas al nombre | 1826-1901 |
| 9 (RLIN) | 128422 |
| 245 13 - MENCIÓN DEL TÍTULO | |
| Título | La taza de té / |
| Mención de responsabilidad, etc. | por A. Kaempfen (Enrique Este) . |
| Resto del título | La caza del mirlo ; El sabio y el cocodrilo ; Los elefantes / por Mery ; traducción de F.N. |
| 260 ## - PUBLICACIÓN, DISTRIBUCIÓN, ETC. | |
| Lugar de publicación, distribución, etc. | Madrid : |
| Nombre del editor, distribuidor, etc. | Librería de Cuesta, |
| Fecha de publicación, distribución, etc. | 1869 |
| Fabricante | (Imp. Universal, a cargo de Víctor Saiz) |
| 300 ## - DESCRIPCIÓN FÍSICA | |
| Extensión | 126, 223-244 p. ; |
| Dimensiones | 18 cm. |
| 490 1# - MENCIÓN DE SERIE | |
| Mención de serie | Biblioteca económica de instrucción y recreo |
| 500 ## - NOTA GENERAL | |
| Nota general | Ejemplar incompleto, detectado en 1947, falto de p. 127-222: La caza del mirlo (p. 127-168); El sabio y el cocodrilo (p. 169-204) y Los elefantes (p. 205-222) |
| 500 ## - NOTA GENERAL | |
| Nota general | Enc. hol. |
| 530 ## - NOTA DISPONIBLE DE FORMULARIO FÍSICO ADICIONAL | |
| Nota de formato físico adicional disponible | Disponible en formato digital: La taza de té. La caza del mirlo. El sabio y el cocodrilo (ed. de Medina y Navarro, s.a.) |
| 700 1# - ENTRADA AGREGADA--NOMBRE PERSONAL | |
| Nombre de persona | Méry, Joseph, |
| Fechas asociadas al nombre | 1797-1866 |
| 9 (RLIN) | 80623 |
| 740 32 - ENTRADA AGREGADA--TÍTULO RELACIONADO/ANALÍTICO NO CONTROLADO | |
| Título relacionado o analítico no controlado | La caza del mirlo. |
| 740 32 - ENTRADA AGREGADA--TÍTULO RELACIONADO/ANALÍTICO NO CONTROLADO | |
| Título relacionado o analítico no controlado | El sabio y el cocodrilo. |
| 830 00 - PUNTO DE ACCESO ADICIONAL DE SERIE-TÍTULO UNIFORME | |
| Título uniforme | Biblioteca económica de instrucción y recreo |
| 9 (RLIN) | 182441 |
| 856 ## - LOCALIZACIÓN Y ACCESO ELECTRÓNICOS | |
| Identificador Uniforme de Recursos | <a href="https://bvpb.mcu.es/es/consulta/registro.do?id=577951">https://bvpb.mcu.es/es/consulta/registro.do?id=577951</a> |
| Texto de enlace | Biblioteca Virtual del Patrimonio Bibliográfico |
| Nota pública | (La taza de té. La caza del mirlo. El sabio y el cocodrilo) |
| 942 ## - ELEMENTOS DE ENTRADA SECUNDARIOS (KOHA) | |
| Fuente del sistema de clasificación o colocación | Clasificación decimal universal |
| Estatus retirado | Estado de pérdida | Estado de daño | No para préstamo | Colección | Biblioteca de origen | Biblioteca actual | Ubicación en estantería | Fecha de adquisición | Fuente de adquisición | Total de préstamos | Signatura topográfica completa | Código de barras | Visto por última vez | Precio de reemplazo | Tipo de ítem Koha |
|---|---|---|---|---|---|---|---|---|---|---|---|---|---|---|---|
| Colección digital | Biblioteca del Ateneo de Madrid | Biblioteca del Ateneo de Madrid | Sala Valle Inclán | 17/01/2008 | D-3767 | 901163771 | 23/02/2023 | 23/02/2023 | Libro impreso antiguo |
